Statistics for Nicki Minaj "Pink Friday" Quiz

Click here to take the quiz!

General Stats

  • This quiz has been taken 295 times
    (294 since last reset)
  • The average score is 9 of 17

Answer Stats

Pink Friday % Correct
Super Bass
82%
Roman's Revenge ft. Eminem
69%
Your Love
64%
Fly ft. Rihanna
64%
Moment 4 Life ft. Drake
62%
I'm The Best
56%
Blazin' ft. Kanye West
56%
Did It On 'Em
53%
Save Me
52%
Right Thru Me
52%
Dear Old Nicki
50%
Check It Out ft. will.i.am
46%
Last Chance ft. Natasha Bedingfield
38%
Muny
36%
Here I Am
33%
Girls Fall Like Dominoes
31%
Blow Ya Mind
20%

Score Distribution

Percentile by Number Answered

Percent of People with Each Score

Your Score History

You have not taken this quiz since the last reset